Swedish Cities - Sudden Death - Statistics

General Stats
  • This quiz has been taken 2,329 times
  • The average score is 12 of 20
Answers on the Grid
Answers color-coded by a green-red scale on the quiz's grid according to % correct below.
Oslo
Malmö
Uppsala
Copenhagen
Jönköping
Hamburg
Norrköping
Vaasa
Strasbourg
Lund
Eindhoven
Kristianstad
Umeå
Bergen
Grimsby
Liepāja
Ostrava
Kalmar
Stockholm
Aarhus
Helsinki
Trondheim
Nyköping
Chișinău
Turku
Helsingborg
Salzburg
Örebro
Sligo
Västerås
Linköping
Murmansk
Graz
Karlstad
Pittsburgh
Lübeck
Gothenburg
Düsseldorf
Tønsberg
Rovaniemi
Sundsvall
Växjö
Rostock
Białystok
Aalborg
Stavanger
Jyväskylä
Östersund
Kaliningrad
Skövde
Esbjerg
 
Answer Stats
Answer % Correct
Malmö
94%
Uppsala
82%
Stockholm
76%
Jönköping
74%
Norrköping
73%
Gothenburg
67%
Umeå
65%
Linköping
60%
Lund
60%
Örebro
57%
Nyköping
55%
Västerås
55%
Helsingborg
54%
Östersund
50%
Kalmar
48%
Växjö
47%
Karlstad
45%
Sundsvall
45%
Skövde
40%
Kristianstad
39%
No matching quizzes found
Score Distribution
Percent of People with Each Score
Percentile by Number Answered
Your Score History
You have not taken this quiz